La estética de Kant

Сохранить в:
Библиографические подробности
Главный автор: Kogan, Jacobo
Формат:
Язык:Undetermined
Опубликовано: Buenos Aires, Argentina Editorial Universitaria 1965
Предметы:
Метки: Добавить метку
Нет меток, Требуется 1-ая метка записи!

MARC

LEADER 00000nam a2200000Ia 4500
008 170316s9999 xx 000 0 und d
090 |a 100 K-18e 
100 |a Kogan, Jacobo 
245 |a La estética de Kant 
260 |a Buenos Aires, Argentina 
260 |b Editorial Universitaria 
260 |c 1965 
300 |a 159 páginas 
650 |a FILOSOFÍA 
650 |a ESTÉTICA 
999 |c 16643  |d 16643 
040 |a cru BVZT 
942 |c 15 D  |h 100 K-18e  |2 z